000 00637nam a2200217 a 4500
001 BRCA_7808
005 20190320210014.0
008 161013s1960----fr-ae#####---#000-0#fre-#
041 _afre
044 _afr
050 4 _aDC29
_b.G85 1960
245 1 0 _aLes guides bleus
_bFrance
_cetabli par Georges Monmarche et Charles Bacquet.
260 _aParís
_bHachette
_c1960
300 _axxx, 1049 p.
_bil., planos
_c20 cm.
500 _aX90
651 4 _aFrancia
_vGuías de viajeros
_xDescripción y viajes
_919340
700 1 _aMonmarche, Georges
_eed.
_919341
700 1 _aBacquet, Charles
_eed.
_919342
902 _aGFM
942 _2lcc
_cB
999 _c7482
_d7482